000 00609nam a2200205Ia 4500
003 GCL
008 140319s9999 xx 000 0 ara d
040 _aGCL /
_cGCL
082 0 4 _a301.362
_bم د
100 1 _aمحمد الجوهرى
245 1 0 _aدراسات فى الانتريولوجيا الحضرية /
_cمحمد الجوهرى
260 _a[S.N] :
_bدار المعرفة الجامعية ،
_c1991
300 _a3670
490 _a
650 0 4 _aالاجتماع
650 0 4 _aالمدن
650 0 4 _aالقرى
650 0 4 _aالانثربولوجيا الحضرية
942 _2ddc
_cBK
999 _c55048
_d55048